000 01115nam a2200217 a 4500
001 50421
005 20180714035459.0
008 140415s2003 sp 000 0 spa d
020 _a8471146096
041 _aspa
082 _a633.84
_bNUE
100 1 _aNUEZ VIÑALS, FERNANDO
245 1 3 _aEL CULTIVO DE PIMIENTOS, CHILES Y AJIES
250 _a1a ed.
260 _aESPAÑA :
_bEDICIONES MUNDI-PRENSA,
_c2003
300 _a693
_c17.2 x 3.2 x 24
490 _aANIMAL AGRICULTURE SERIES
520 _aEL CULTIVO DE PIMIENTOS, CHILES O AJIES ES UNO DE LOS MAS EXTENDIOSOS DE TODO EL MUNDO Y PARTICULARMENTE EN ESPAÑA Y AMERICA, PRESISAMENTE POR QUE ESTA OBRA VA ORIENTADA TANTO AL LECTOR ESPAÑOL COMO HISPANOAMARICANO SE HAN LLEVADO AL TITULO DEL LIBRO DOS TERMINOS PROXIMOS A LA COZ PIMIENTO, COMO SON CHILE, DENOMINACION CORRIENTE EN MEXICO Y PAISES PROXIMIS Y AJI VOS PARTICULARMENTE UTILIZADA EN SUDAMERICA, GRAN DESARROLLO TECNOLOGICO QUE ESTA EXPERIMETADO LA HORTICULTURA NO ES AJENO AL
650 1 4 _aAJI
_xAGRICULTURA
700 1 _aGIL ORTEGA, RAMIRO -COSTA GARCÍA, JOAQUÍN
_ecoaut.
999 _c50421
_d50421